MARC details
| 000 -CABECERA |
| campo de control de longitud fija |
00904cam a2200241 a 4500 |
| 001 - NÚMERO DE CONTROL |
| campo de control |
000014417 |
| 005 - FECHA Y HORA DE LA ÚLTIMA TRANSACCIÓN |
| campo de control |
20200929163841.0 |
| 008 - DATOS DE LONGITUD FIJA--INFORMACIÓN GENERAL |
| campo de control de longitud fija |
931118s1989 cl b 000 0 spa d |
| 040 ## - FUENTE DE LA CATALOGACIÓN |
| Centro catalogador/agencia de origen |
DO-SdBNP |
| Lengua de catalogación |
spa |
| Centro/agencia transcriptor |
BNPHU |
| 082 ## - NÚMERO DE LA CLASIFICACIÓN DECIMAL DEWEY |
| Número de clasificación |
321.983 |
| Número de documento/Ítem |
G239p |
| 100 1# - ENTRADA PRINCIPAL--NOMBRE DE PERSONA |
| Nombre de persona |
Garretón Merino, Manuel A. |
| Fechas asociadas al nombre |
1943- |
| Forma completa/desarrollada del nombre |
(Manuel Antonio Garretón Merino) |
| 9 (RLIN) |
32532 |
| 245 13 - MENCIÓN DE TÍTULO |
| Título |
La posibilidad democrática en Chile / |
| Mención de responsabilidad, etc. |
Manuel Antonio Garretón Merino. |
| 260 ## - PUBLICACIÓN, DISTRIBUCIÓN, ETC. |
| Lugar de publicación, distribución, etc. |
Santiago de Chile : |
| Nombre del editor, distribuidor, etc. |
Flacso, |
| Fecha de publicación, distribución, etc. |
1989. |
| 300 ## - DESCRIPCIÓN FÍSICA |
| Extensión |
72 p. ; |
| Dimensiones |
19 cm. |
| 490 1# - MENCIÓN DE SERIE |
| Mención de serie |
Cuadernos de difusión |
| 500 ## - NOTA GENERAL |
| Nota general |
"Mayo 1989" - P. frente T.P. |
| 504 ## - NOTA DE BIBLIOGRAFÍA, ETC. |
| Nota de bibliografía, etc. |
Incluye referencias bibliográficas. |
| 651 #4 - PUNTO DE ACCESO ADICIONAL DE MATERIA--NOMBRE GEOGRÁFICO |
| Nombre geográfico |
Chile |
| Subdivisión general |
Política Y Gobierno |
| Subdivisión cronológica |
1973-1988. |
| 9 (RLIN) |
27569 |
| 650 #4 - PUNTO DE ACCESO ADICIONAL DE MATERIA--TÉRMINO DE MATERIA |
| Término de materia o nombre geográfico como elemento de entrada |
Democracia |
| Subdivisión geográfica |
Chile |
| 9 (RLIN) |
32533 |
| 650 #4 - PUNTO DE ACCESO ADICIONAL DE MATERIA--TÉRMINO DE MATERIA |
| Término de materia o nombre geográfico como elemento de entrada |
Filosofía de la democracia |
| Subdivisión geográfica |
Chile |
| 9 (RLIN) |
32534 |
| 710 2# - PUNTO DE ACCESO ADICIONAL--NOMBRE DE ENTIDAD CORPORATIVA |
| Nombre de entidad corporativa o nombre de jurisdicción como elemento de entrada |
Facultad Latinoamericana de Ciencias Sociales |
| 9 (RLIN) |
294 |
| 830 #0 - PUNTO DE ACCESO ADICIONAL DE SERIE-TÍTULO UNIFORME |
| Título uniforme |
Cuadernos de difusión |
| 9 (RLIN) |
6694 |